[Event "Scarborough Open 47th"]
[Site "Scarborough"]
[Date "2024.10.27"]
[Round "4.22"]
[White "Senior, Gary"]
[Black "Ridge, Michael"]
[Result "1/2-1/2"]
[WhiteElo "2045"]
[BlackElo "1885"]
[PlyCount "140"]
[EventDate "2024.10.25"]
[EventType "swiss"]
[EventRounds "5"]
[EventCountry "ENG"]
[SourceTitle "BritBase"]
[Source "John Saunders"]
[SourceDate "2024.12.27"]
[SourceVersion "1"]
[SourceVersionDate "2024.12.27"]
[SourceQuality "1"]

1. e4 c5 2. d3 g6 3. f4 Bg7 4. Nf3 Nc6 5. Be2 e6 6. O-O Nge7 7. c3 O-O 8. Be3 d6 9. a4 b6 10. Na3 Ba6 11. Qe1 Rc8 12. Qh4 d5 13. Nb5 Bb7 14. Rfd1 a6 15. Na3 d4 16. Bd2 Na5 17. cxd4 Nb3 18. Rab1 Nxd2 19. Rxd2 Bxd4+ 20. Kh1 Bg7 21. Nc4 b5 22. axb5 axb5 23. Na3 b4 24. Nc4 Nc6 25. Qh3 Nd4 26. Bd1 Ra8 27. Nce5 Qd6 28. Qh4 f6 29. Nc4 Qd8 30. Qh3 f5 31. e5 Nxf3 32. Bxf3 Bxf3 33. Qxf3 g5 34. g3 Ra6 35. Qb7 Qa8 36. Qxa8 Rfxa8 37. Kg2 gxf4 38. gxf4 Bh6 39. Kf3 Ra1 40. Rdd1 Rxb1 41. Rxb1 Bf8 42. Ke3 Kf7 43. Rc1 Rd8 44. Nd6+ Bxd6 45. exd6 Rxd6 46. Rxc5 Rb6 47. Kd4 h5 48. Rc7+ Kg6 49. Ke5 b3 50. Re7 Rb5+ 51. Kxe6 Rc5 52. Rb7 Rc2 53. Rxb3 Rxh2 54. d4 Re2+ 55. Kd5 h4 56. Rb8 h3 57. Rh8 h2 58. Rh3 Rxb2 59. Ke5 Re2+ 60. Kd6 Re4 61. d5 Rxf4 62. Rxh2 Rd4 63. Ke6 Re4+ 64. Kd7 Kf6 65. d6 Ke5 66. Rd2 f4 67. Kc6 Rc4+ 68. Kb6 Rc8 69. d7 Rd8 70. Kc7 Rxd7+ 1/2-1/2

[Event "Scarborough Open 47th"]
[Site "Scarborough"]
[Date "2024.10.27"]
[Round "4.23"]
[White "Ponting, Andrew"]
[Black "Batchelor, Francis"]
[Result "1/2-1/2"]
[WhiteElo "1923"]
[BlackElo "2067"]
[PlyCount "37"]
[EventDate "2024.10.25"]
[EventType "swiss"]
[EventRounds "5"]
[EventCountry "ENG"]
[SourceTitle "BritBase"]
[Source "John Saunders"]
[SourceDate "2024.12.27"]
[SourceVersion "1"]
[SourceVersionDate "2024.12.27"]
[SourceQuality "1"]

1. d4 d5 2. c4 e6 3. Nf3 Nf6 4. Nc3 Nbd7 5. Bg5 c6 6. cxd5 cxd5 7. e3 Be7 8. Bd3 O-O 9. O-O Re8 10. h3 Nf8 11. Qc2 Ne4 12. Bxe7 Qxe7 13. b4 Bd7 14. Ne5 Nd6 15. Nxd7 Qxd7 16. Rab1 Rac8 17. Qa4 a6 18. Qb3 b5 19. Rbc1 1/2-1/2

[Event "Scarborough Open 47th"]
[Site "Scarborough"]
[Date "2024.10.27"]
[Round "4.24"]
[White "Tarr, Steve"]
[Black "Longson, Sarah N"]
[Result "1-0"]
[WhiteElo "1788"]
[BlackElo "1947"]
[PlyCount "117"]
[EventDate "2024.10.25"]
[EventType "swiss"]
[EventRounds "5"]
[EventCountry "ENG"]
[SourceTitle "BritBase"]
[Source "John Saunders"]
[SourceDate "2024.12.27"]
[SourceVersion "1"]
[SourceVersionDate "2024.12.27"]
[SourceQuality "1"]

1. d4 d5 2. Bf4 c5 3. e3 Nc6 4. c3 Bf5 5. Qb3 Qb6 6. dxc5 Qxb3 7. axb3 e5 8. Bg3 Bxc5 9. b4 Bd6 10. Nd2 Nf6 11. Ngf3 Nh5 12. b5 Nxg3 13. hxg3 Ne7 14. Rh4 e4 15. Nd4 Bd7 16. N2b3 O-O 17. Na5 Rfb8 18. Be2 Nf5 19. Nxf5 Bxf5 20. Nb3 Be7 21. Rh1 Bf6 22. Kd2 a6 23. bxa6 bxa6 24. Kc2 Rb6 25. Ra2 Rab8 26. Nd4 Bxd4 27. cxd4 Rc6+ 28. Kb1 Bc8 29. Rc1 Rxc1+ 30. Kxc1 Rb6 31. Kc2 Kf8 32. Kc3 Rc6+ 33. Kd2 Rb6 34. Kc2 Ke7 35. Ra5 Kd6 36. Rc5 Bd7 37. Ra5 Bc8 38. b3 Bb7 39. Kb2 Ke7 40. f3 exf3 41. gxf3 Re6 42. e4 f5 43. e5 Rg6 44. g4 fxg4 45. fxg4 h5 46. Rc5 hxg4 47. Rc7+ Kd8 48. Rxb7 g3 49. Bf3 g2 50. Bxg2 Rxg2+ 51. Kc3 g5 52. Kb4 g4 53. Kc5 g3 54. Kd6 Rc2 55. Rg7 Kc8 56. Rxg3 a5 57. e6 a4 58. bxa4 Kb7 59. e7 1-0

[Event "Scarborough Open 47th"]
[Site "Scarborough"]
[Date "2024.10.27"]
[Round "4.25"]
[White "Waterfield, Mark B"]
[Black "Hepworth, Peter"]
[Result "0-1"]
[WhiteElo "1816"]
[BlackElo "1933"]
[PlyCount "40"]
[EventDate "2024.10.25"]
[EventType "swiss"]
[EventRounds "5"]
[EventCountry "ENG"]
[SourceTitle "BritBase"]
[Source "John Saunders"]
[SourceDate "2024.12.27"]
[SourceVersion "1"]
[SourceVersionDate "2024.12.27"]
[SourceQuality "1"]

1. e4 e6 2. d4 d5 3. Nd2 Nf6 4. e5 Nfd7 5. Bd3 c5 6. c3 Nc6 7. Ngf3 c4 8. Bc2 b5 9. Nf1 b4 10. Ng5 Be7 11. Qh5 Bxg5 12. Bxg5 Qa5 13. Bd2 b3 14. Bb1 Nxd4 15. cxd4 c3 16. Bxc3 Qxc3+ 17. bxc3 b2 18. Nd2 bxa1=Q 19. O-O Qxc3 20. Nf3 Ba6 0-1

[Event "Scarborough Open 47th"]
[Site "Scarborough"]
[Date "2024.10.27"]
[Round "4.26"]
[White "Nezis, Anastasios"]
[Black "Stonehouse, Raymond"]
[Result "1/2-1/2"]
[WhiteElo "1930"]
[BlackElo "1927"]
[PlyCount "126"]
[EventDate "2024.10.25"]
[EventType "swiss"]
[EventRounds "5"]
[EventCountry "ENG"]
[SourceTitle "BritBase"]
[Source "John Saunders"]
[SourceDate "2024.12.27"]
[SourceVersion "1"]
[SourceVersionDate "2024.12.27"]
[SourceQuality "1"]

1. Nf3 f5 2. c4 Nf6 3. Nc3 e6 4. d4 d5 5. Bg5 c6 6. e3 Be7 7. Be2 O-O 8. O-O Nbd7 9. b3 Ne8 10. Bxe7 Qxe7 11. Na4 Nd6 12. Nb2 g5 13. c5 Nf7 14. Nd3 e5 15. dxe5 Nfxe5 16. Nfxe5 Nxe5 17. Nxe5 Qxe5 18. Qd2 Re8 19. Rfe1 Qf6 20. Rad1 Be6 21. Qd4 Kg7 22. Qxf6+ Kxf6 23. Rd4 Re7 24. g3 Rae8 25. Bf3 Bc8 26. Kg2 Re5 27. Kf1 R8e7 28. Rc1 Bd7 29. Ra4 a6 30. Rd1 Be8 31. Rdd4 Rc7 32. Ke2 Ke7 33. Kd2 Re6 34. h4 h6 35. Kc3 Bg6 36. Kb4 Kd8 37. Ka5 Be8 38. Kb6 Bd7 39. Rd1 Bc8 40. Rad4 Ree7 41. Rh1 g4 42. Be2 Bd7 43. Rhd1 Be8 44. Rf4 Bg6 45. Rdd4 Kc8 46. a4 Re8 47. Bf1 Re4 48. Bd3 Rxd4 49. Rxd4 Re7 50. Rf4 Rf7 51. Rb4 Re7 52. Rf4 Re5 53. b4 h5 54. Bb1 Bh7 55. Bc2 Bg6 56. Bb1 Bh7 57. Bd3 Bg6 58. Rd4 Re7 59. b5 axb5 60. axb5 Re6 61. bxc6 Rxc6+ 62. Kb5 Kc7 63. Rxd5 Rf6 1/2-1/2

[Event "Scarborough Open 47th"]
[Site "Scarborough"]
[Date "2024.10.27"]
[Round "4.27"]
[White "Sheppard, Derek A"]
[Black "Melia, Alfie"]
[Result "1/2-1/2"]
[WhiteElo "1826"]
[BlackElo "1988"]
[PlyCount "73"]
[EventDate "2024.10.25"]
[EventType "swiss"]
[EventRounds "5"]
[EventCountry "ENG"]
[SourceTitle "BritBase"]
[Source "John Saunders"]
[SourceDate "2024.12.27"]
[SourceVersion "1"]
[SourceVersionDate "2024.12.27"]
[SourceQuality "1"]

1. d4 Nf6 2. Nf3 c5 3. c3 Qa5 4. e3 g6 5. Be2 Bg7 6. O-O d5 7. Nbd2 cxd4 8. exd4 O-O 9. Ne5 Nc6 10. Ndf3 Qb6 11. Qb3 Bf5 12. Be3 Rfc8 13. Rfc1 Na5 14. Qxb6 axb6 15. Nd2 Nd7 16. Nxd7 Bxd7 17. Bf3 e6 18. Be2 b5 19. a3 Nc4 20. Nxc4 bxc4 21. Bf4 Bf8 22. Bd1 Ra6 23. Bc2 Rca8 24. Re1 Be7 25. Rad1 Rb6 26. Bc1 Ba4 27. Bxa4 Rxa4 28. f4 h5 29. g3 Rb3 30. Re2 Ra6 31. Rc2 {[=]} Kg7 32. Kg2 Ra8 33. Re1 Bd6 34. Ree2 Re8 35. Re1 f6 36. Rce2 Kf7 37. h3 1/2-1/2

[Event "Scarborough Open 47th"]
[Site "Scarborough"]
[Date "2024.10.27"]
[Round "4.28"]
[White "Garnett, John S"]
[Black "Booth, Steven B"]
[Result "0-1"]
[WhiteElo "1884"]
[BlackElo "1938"]
[PlyCount "74"]
[EventDate "2024.10.25"]
[EventType "swiss"]
[EventRounds "5"]
[EventCountry "ENG"]
[SourceTitle "BritBase"]
[Source "John Saunders"]
[SourceDate "2024.12.27"]
[SourceVersion "1"]
[SourceVersionDate "2024.12.27"]
[SourceQuality "1"]

1. d4 d5 2. c4 c6 3. Nf3 Nf6 4. Qc2 g6 5. Bf4 Bf5 6. Qb3 Qb6 7. c5 Qxb3 8. axb3 Na6 9. Bd2 Ne4 10. e3 Nxd2 11. Kxd2 Nb4 12. Nc3 Bg7 13. Be2 O-O 14. Ra4 a5 15. Rha1 Nc2 16. Rc1 Nb4 17. Nh4 e5 18. Nxf5 gxf5 19. dxe5 Bxe5 20. Rca1 d4 21. exd4 Bf4+ 22. Kd1 Rad8 23. d5 Nxd5 24. Nxd5 Rxd5+ 25. Ke1 Bd2+ 26. Kf1 Bb4 27. Rc1 Re8 28. Raa1 Rd2 29. Bc4 Rxb2 30. g3 Re5 31. Rcb1 Rxb1+ 32. Rxb1 Rxc5 33. Rd1 a4 34. Rd7 a3 35. Bxf7+ Kf8 36. Bc4 b5 37. Be6 Re5 0-1

[Event "Scarborough Open 47th"]
[Site "Scarborough"]
[Date "2024.10.27"]
[Round "4.29"]
[White "Richmond, Frank"]
[Black "Retout, Steve P"]
[Result "1/2-1/2"]
[WhiteElo "1695"]
[BlackElo "2013"]
[PlyCount "49"]
[EventDate "2024.10.25"]
[EventType "swiss"]
[EventRounds "5"]
[EventCountry "ENG"]
[SourceTitle "BritBase"]
[Source "John Saunders"]
[SourceDate "2024.12.27"]
[SourceVersion "1"]
[SourceVersionDate "2024.12.27"]
[SourceQuality "1"]

1. e4 Nf6 2. e5 Nd5 3. d4 d6 4. c4 Nb6 5. exd6 cxd6 6. Nc3 g6 7. Be3 Bg7 8. Rc1 O-O 9. b3 f5 10. d5 N8d7 11. Nf3 Ne5 12. Be2 Nbd7 13. O-O Nxf3+ 14. Bxf3 Ne5 15. Bd4 Nxf3+ 16. gxf3 Bxd4 17. Qxd4 Qb6 18. Qxb6 axb6 19. Rfe1 Kf7 20. Rc2 Bd7 21. a4 Rfe8 22. Rce2 h6 23. Kf1 Kf6 24. Rd2 Kf7 25. Rde2 1/2-1/2

[Event "Scarborough Open 47th"]
[Site "Scarborough"]
[Date "2024.10.27"]
[Round "5.1"]
[White "Kalavannan, Koby"]
[Black "Birtwistle, Nigel"]
[Result "1-0"]
[WhiteElo "2303"]
[BlackElo "2016"]
[PlyCount "133"]
[EventDate "2024.10.25"]
[EventType "swiss"]
[EventRounds "5"]
[EventCountry "ENG"]
[SourceTitle "BritBase"]
[Source "John Saunders"]
[SourceDate "2024.12.27"]
[SourceVersion "1"]
[SourceVersionDate "2024.12.27"]
[SourceQuality "1"]

1. d4 Nf6 2. c4 c5 3. d5 b5 4. cxb5 a6 5. bxa6 Bxa6 6. Nc3 d6 7. e4 Bxf1 8. Kxf1 g6 9. Nf3 Qc8 10. h3 Bg7 11. g3 O-O 12. Kg2 Nbd7 13. Qe2 Qa6 14. Re1 Rfb8 15. a4 Rb4 16. Ra3 Nb6 17. Qxa6 Rxa6 18. b3 c4 19. a5 Nbd7 20. bxc4 Rxc4 21. Bd2 Nc5 22. e5 Nfe4 23. Nxe4 Nxe4 24. exd6 exd6 25. Rb1 Rc8 26. Rb6 Rca8 27. Bb4 Bf6 28. Rxa6 Rxa6 29. Re3 Nc5 30. Re8+ Kg7 31. Rc8 Nd3 32. Bd2 Nc5 33. Rc6 Ra8 34. Rxd6 Ne4 35. Rd7 Nxd2 36. Nxd2 Rxa5 37. Ne4 Bd4 38. Ng5 Ra7 39. Rxa7 Bxa7 40. f4 h6 41. Ne4 f5 42. Nd6 Kf6 43. Kf3 h5 44. Ke2 g5 45. fxg5+ Kxg5 46. Nb5 Bb6 47. Kf3 h4 48. gxh4+ Kxh4 49. Kf4 Kxh3 50. d6 Bd8 51. Nd4 Kh4 52. Ne6 Ba5 53. Ng7 Bb6 54. d7 Bd8 55. Ne6 Be7 56. Ng7 Bd8 57. Kxf5 Ba5 58. Ne6 Kh5 59. Ke5 Kg6 60. Kd6 Kf7 61. Ng5+ Kf6 62. Nf3 Kf7 63. Ne5+ Kf6 64. Nc6 Bb6 65. Kd5 Bc7 66. Nd4 Bd8 67. Kd6 1-0

[Event "Scarborough Open 47th"]
[Site "Scarborough"]
[Date "2024.10.27"]
[Round "5.3"]
[White "Vaidyanathan, Adithya"]
[Black "Bak, Christopher"]
[Result "1/2-1/2"]
[WhiteElo "1932"]
[BlackElo "1984"]
[PlyCount "53"]
[EventDate "2024.10.25"]
[EventType "swiss"]
[EventRounds "5"]
[EventCountry "ENG"]
[SourceTitle "BritBase"]
[Source "John Saunders"]
[SourceDate "2024.12.27"]
[SourceVersion "1"]
[SourceVersionDate "2024.12.27"]
[SourceQuality "1"]

1. Nf3 Nf6 2. d4 c5 3. d5 e6 4. c4 exd5 5. cxd5 d6 6. Nc3 g6 7. e4 a6 8. a4 Bg4 9. Be2 Bxf3 10. Bxf3 Bg7 11. O-O O-O 12. e5 dxe5 13. d6 Ra7 14. a5 b6 15. Be3 Rd7 16. axb6 Rxd6 17. Qb1 e4 18. Be2 Nfd7 19. Na4 Bd4 20. Bf4 Rc6 21. Bc7 Qe7 22. Nc3 Qe6 23. Nxe4 Nxb6 24. Bxb8 Rxb8 25. Rxa6 Qc8 26. Qa2 Qe6 27. Nc3 1/2-1/2

[Event "Scarborough Open 47th"]
[Site "Scarborough"]
[Date "2024.10.27"]
[Round "5.4"]
[White "Hamer, Martyn"]
[Black "Boswell, Jacob Connor"]
[Result "0-1"]
[WhiteElo "2055"]
[BlackElo "2271"]
[PlyCount "84"]
[EventDate "2024.10.25"]
[EventType "swiss"]
[EventRounds "5"]
[EventCountry "ENG"]
[SourceTitle "BritBase"]
[Source "John Saunders"]
[SourceDate "2024.12.27"]
[SourceVersion "1"]
[SourceVersionDate "2024.12.27"]
[SourceQuality "1"]

1. Nf3 Nf6 2. c4 g6 3. g3 Bg7 4. Bg2 O-O 5. O-O c5 6. Nc3 Nc6 7. d4 d6 8. d5 Na5 9. Nd2 a6 10. Rb1 Nd7 11. Qc2 Ne5 12. b3 b5 13. cxb5 axb5 14. Nxb5 Ba6 15. Nc3 Qb6 16. h3 Rfc8 17. Nf3 Rab8 18. Bd2 Nb7 19. Rfc1 Nd8 20. Bf4 Nxf3+ 21. Bxf3 Qa7 22. Nd1 Qd7 23. Ne3 e5 24. dxe6 Nxe6 25. Bg4 f5 26. Nxf5 gxf5 27. Bxf5 Kh8 28. Rd1 Rb6 29. Be3 Be5 30. Qe4 Qf7 31. Qg4 Re8 32. Be4 Nd4 33. Bxd4 Bxd4 34. e3 Be5 35. Bd5 Qf6 36. b4 Bc8 37. Qh5 Rf8 38. f4 Bc3 39. bxc5 Rxb1 40. Rxb1 dxc5 41. Be4 Qe7 42. Rb3 Qxe4 0-1

[Event "Scarborough Open 47th"]
[Site "Scarborough"]
[Date "2024.10.27"]
[Round "5.5"]
[White "Vaddhireddy, Sai"]
[Black "Mclean, Robert"]
[Result "1/2-1/2"]
[WhiteElo "1961"]
[BlackElo "2013"]
[PlyCount "80"]
[EventDate "2024.10.25"]
[EventType "swiss"]
[EventRounds "5"]
[EventCountry "ENG"]
[SourceTitle "BritBase"]
[Source "John Saunders"]
[SourceDate "2024.12.27"]
[SourceVersion "1"]
[SourceVersionDate "2024.12.27"]
[SourceQuality "1"]

1. d4 e6 2. c4 b6 3. Nc3 Bb4 4. e4 Bb7 5. Bd3 f5 6. f3 Qh4+ 7. g3 Qh5 8. Qe2 Nc6 9. Be3 fxe4 10. fxe4 Bxc3+ 11. bxc3 Qxe2+ 12. Kxe2 d6 13. Nh3 e5 14. Rab1 Nf6 15. Nf2 Ba6 16. c5 Bxd3+ 17. Kxd3 dxc5 18. dxc5 Na5 19. Bg5 Nd7 20. Be3 O-O 21. Rhd1 Rad8 22. cxb6 axb6 23. Ke2 Nf6 24. Bg5 Nb7 25. Bxf6 gxf6 26. Ng4 Nd6 27. Kf3 Ra8 28. Rxb6 cxb6 29. Rxd6 Rxa2 30. Rxb6 h5 31. Ne3 Rxh2 32. Nf5 Rc2 33. Rc6 Ra8 34. Rc7 Raa2 35. Rc8+ Kf7 36. Rc7+ Ke8 37. Ng7+ Kd8 38. Ne6+ Ke8 39. Ng7+ Kd8 40. Ne6+ Ke8 1/2-1/2

[Event "Scarborough Open 47th"]
[Site "Scarborough"]
[Date "2024.10.27"]
[Round "5.6"]
[White "Davies, Nigel Rodney"]
[Black "Potter, John M"]
[Result "1-0"]
[WhiteElo "2307"]
[BlackElo "2027"]
[PlyCount "43"]
[EventDate "2024.10.25"]
[EventType "swiss"]
[EventRounds "5"]
[EventCountry "ENG"]
[SourceTitle "BritBase"]
[Source "John Saunders"]
[SourceDate "2024.12.27"]
[SourceVersion "1"]
[SourceVersionDate "2024.12.27"]
[SourceQuality "1"]

1. d4 Nf6 2. Nf3 g6 3. c4 Bg7 4. Nc3 d6 5. Bg5 O-O 6. e3 b6 7. Be2 Bb7 8. Qc2 Nbd7 9. O-O h6 10. Bh4 g5 11. Bg3 Nh5 12. Nxg5 hxg5 13. Bxh5 e5 14. dxe5 Nxe5 15. Be2 Qd7 16. Rad1 Rae8 17. Nd5 c6 18. Nc3 Qe6 19. Ne4 d5 20. cxd5 cxd5 21. Nxg5 Qh6 22. Nf3 1-0

[Event "Scarborough Open 47th"]
[Site "Scarborough"]
[Date "2024.10.27"]
[Round "5.7"]
[White "Dilleigh, Stephen P"]
[Black "Szekely, Virgil"]
[Result "0-1"]
[WhiteElo "2029"]
[BlackElo "2012"]
[PlyCount "66"]
[EventDate "2024.10.25"]
[EventType "swiss"]
[EventRounds "5"]
[EventCountry "ENG"]
[SourceTitle "BritBase"]
[Source "John Saunders"]
[SourceDate "2024.12.27"]
[SourceVersion "1"]
[SourceVersionDate "2024.12.27"]
[SourceQuality "1"]

1. Nf3 d5 2. d4 Nf6 3. c4 e6 4. Nc3 a6 5. cxd5 exd5 6. Bg5 Be6 7. e3 Nbd7 8. Bd3 c6 9. O-O Bd6 10. Bf4 Qc7 11. Bxd6 Qxd6 12. Qc2 O-O 13. Rac1 Rfe8 14. Na4 Bg4 15. Nd2 Bh5 16. Rfe1 Ng4 17. Nf1 Bg6 18. Bxg6 hxg6 19. h3 Ngf6 20. Nc5 Nxc5 21. Qxc5 Qe6 22. Nd2 g5 23. Qc2 g4 24. hxg4 Nxg4 25. Nf3 g6 26. Qb3 Re7 27. Rc2 Kg7 28. Rce2 Qf5 29. Qb4 Re6 30. Ne5 Rh8 31. Nxg4 Qxg4 32. f3 Qg3 33. Rf2 Rh1+ 0-1

[Event "Scarborough Open 47th"]
[Site "Scarborough"]
[Date "2024.10.27"]
[Round "5.8"]
[White "Rughani, Mahin"]
[Black "Bharat Kumar, Balahari"]
[Result "1/2-1/2"]
[WhiteElo "1921"]
[BlackElo "2083"]
[PlyCount "89"]
[EventDate "2024.10.25"]
[EventType "swiss"]
[EventRounds "5"]
[EventCountry "ENG"]
[SourceTitle "BritBase"]
[Source "John Saunders"]
[SourceDate "2024.12.27"]
[SourceVersion "1"]
[SourceVersionDate "2024.12.27"]
[SourceQuality "1"]

1. d4 g6 2. e4 Bg7 3. Nc3 a6 4. Be3 d6 5. Qd2 b5 6. a3 Bb7 7. f3 e6 8. h4 h5 9. Bd3 Nd7 10. Nge2 c5 11. dxc5 dxc5 12. Nf4 Ne7 13. Rd1 c4 14. Be2 Qc7 15. O-O Bc6 16. Qd6 Qxd6 17. Rxd6 Be5 18. Rd2 O-O 19. Rfd1 Nf6 20. Nh3 Rfe8 21. Bd4 Bxd4+ 22. Rxd4 Kg7 23. Kf2 Rec8 24. Ke3 Rab8 25. Na2 Bb7 26. Ng5 Nc6 27. R4d2 Ne5 28. f4 Neg4+ 29. Bxg4 Nxg4+ 30. Kf3 Nf6 31. Rd7 Nxd7 32. Rxd7 Kg8 33. Rxf7 Rd8 34. Rf6 Kg7 35. Rxe6 Rd2 36. Nb4 a5 37. Nc6 Bxc6 38. Rxc6 Rxc2 39. f5 gxf5 40. exf5 Rxb2 41. Rg6+ Kf8 42. f6 Rb7 43. Rh6 Kg8 44. Rg6+ Kf8 45. Rh6 1/2-1/2

[Event "Scarborough Open 47th"]
[Site "Scarborough"]
[Date "2024.10.27"]
[Round "5.9"]
[White "Leung, Hao Ran"]
[Black "Luk, Danbe"]
[Result "1-0"]
[WhiteElo "2043"]
[BlackElo "1869"]
[PlyCount "77"]
[EventDate "2024.10.25"]
[EventType "swiss"]
[EventRounds "5"]
[EventCountry "ENG"]
[SourceTitle "BritBase"]
[Source "John Saunders"]
[SourceDate "2024.12.27"]
[SourceVersion "1"]
[SourceVersionDate "2024.12.27"]
[SourceQuality "1"]

1. d4 d5 2. Nc3 Nf6 3. Bf4 e6 4. Nb5 Na6 5. e3 Be7 6. Nf3 O-O 7. Ne5 c6 8. Nc3 Qb6 9. Na4 Qa5+ 10. c3 Nd7 11. a3 Nxe5 12. b4 Qd8 13. Bxe5 Nb8 14. Bd3 Nd7 15. Bg3 b6 16. O-O c5 17. bxc5 bxc5 18. dxc5 Nxc5 19. Nxc5 Bxc5 20. c4 g6 21. Qc2 Bb7 22. Rfd1 Rc8 23. Qb3 Qe7 24. Be2 Ba8 25. cxd5 Bxd5 26. Qb2 Rc6 27. a4 a5 28. Qb5 Rb6 29. Qxa5 Ra8 30. Qc3 Bb3 31. Rdc1 Bd6 32. Rcb1 Bxg3 33. hxg3 Rab8 34. a5 Rb4 35. a6 Bd5 36. Rxb4 Rxb4 37. a7 Qf8 38. Bf3 Rc4 39. Qxc4 1-0

[Event "Scarborough Open 47th"]
[Site "Scarborough"]
[Date "2024.10.27"]
[Round "5.10"]
[White "Ganti, Shriaansh"]
[Black "Lemeshev, Ilya"]
[Result "0-1"]
[WhiteElo "1901"]
[BlackElo "2156"]
[PlyCount "74"]
[EventDate "2024.10.25"]
[EventType "swiss"]
[EventRounds "5"]
[EventCountry "ENG"]
[SourceTitle "BritBase"]
[Source "John Saunders"]
[SourceDate "2024.12.27"]
[SourceVersion "1"]
[SourceVersionDate "2024.12.27"]
[SourceQuality "1"]

1. e4 c5 2. Nf3 Nc6 3. d4 cxd4 4. Nxd4 g6 5. Nc3 Bg7 6. Be3 Nf6 7. Be2 O-O 8. O-O d5 9. Nxc6 bxc6 10. exd5 cxd5 11. Bf3 e6 12. Qd2 Qe7 13. Bh6 Rb8 14. Bxg7 Kxg7 15. Rab1 Ba6 16. Rfe1 Qb4 17. a3 Qc5 18. h4 Rfd8 19. h5 Nxh5 20. Bxh5 d4 21. Ne4 Qxh5 22. Qf4 Qf5 23. Qc7 Qd5 24. Qxa7 Bb7 25. f3 Rbc8 26. Qa4 Rc4 27. Qb3 h5 28. Qd3 h4 29. Qd2 h3 30. gxh3 Qf5 31. b3 Rcc8 32. Kg2 Rh8 33. Rh1 Bxe4 34. Qxd4+ e5 35. Qxe4 Rxc2+ 36. Kg3 Qg5+ 37. Qg4 Qd2 0-1

[Event "Scarborough Open 47th"]
[Site "Scarborough"]
[Date "2024.10.27"]
[Round "5.11"]
[White "Elgar, Tim"]
[Black "Cansdale, Zachary"]
[Result "1-0"]
[WhiteElo "2032"]
[BlackElo "1949"]
[PlyCount "125"]
[EventDate "2024.10.25"]
[EventType "swiss"]
[EventRounds "5"]
[EventCountry "ENG"]
[SourceTitle "BritBase"]
[Source "John Saunders"]
[SourceDate "2024.12.27"]
[SourceVersion "1"]
[SourceVersionDate "2024.12.27"]
[SourceQuality "1"]

1. Nf3 d5 2. g3 Nf6 3. Bg2 c6 4. O-O Bg4 5. h3 Bh5 6. d3 e6 7. c4 Be7 8. Qb3 Qb6 9. Be3 Qxb3 10. axb3 Bxf3 11. Bxf3 a6 12. Bd2 Nbd7 13. cxd5 exd5 14. b4 O-O 15. Bc3 Bd6 16. Nd2 Rfe8 17. Nb3 Ne5 18. Bg2 Bc7 19. Rfc1 Ned7 20. Kf1 Rad8 21. Ra3 Bb6 22. Nc5 Rb8 23. Bd2 Rec8 24. Bf4 Bc7 25. Nxd7 Nxd7 26. Bxc7 Rxc7 27. Bxd5 Nf6 28. Bf3 Rd7 29. e3 Kf8 30. d4 g6 31. g4 Rbd8 32. Ra5 Ne8 33. Re5 f6 34. Rec5 Nc7 35. Kg2 Ne6 36. R5c3 Nc7 37. Kg3 Nb5 38. Rc5 Nc7 39. h4 Ne6 40. Ra5 Nc7 41. h5 Kg7 42. hxg6 hxg6 43. Rh1 Rh8 44. Raa1 Rxh1 45. Rxh1 Nd5 46. Bxd5 Rxd5 47. Ra1 Rb5 48. Ra4 Kf7 49. Kf3 Ke6 50. Ke4 f5+ 51. Kf4 Kf6 52. g5+ Ke6 53. f3 b6 54. Rxa6 Rxb4 55. Ra7 c5 56. Rg7 cxd4 57. Rxg6+ Kd5 58. exd4 Kxd4 59. Re6 Rxb2 60. Kxf5 b5 61. g6 Rg2 62. Re4+ Kc3 63. Rg4 1-0

[Event "Scarborough Open 47th"]
[Site "Scarborough"]
[Date "2024.10.27"]
[Round "5.12"]
[White "Hutchinson, Paul A"]
[Black "Hariharan, Shambavi"]
[Result "1-0"]
[WhiteElo "2040"]
[BlackElo "1926"]
[PlyCount "130"]
[EventDate "2024.10.25"]
[EventType "swiss"]
[EventRounds "5"]
[EventCountry "ENG"]
[SourceTitle "BritBase"]
[Source "John Saunders"]
[SourceDate "2024.12.27"]
[SourceVersion "1"]
[SourceVersionDate "2024.12.27"]
[SourceQuality "1"]

1. d4 d5 2. Bf4 Nf6 3. e3 c5 4. c3 Nc6 5. Nd2 e6 6. Ngf3 Bd6 7. Ne5 Qc7 8. Ndf3 Nd7 9. Bb5 cxd4 10. exd4 a6 11. Bxc6 bxc6 12. Bg3 Nf6 13. Ng5 Bxe5 14. Bxe5 Qe7 15. Nf3 Bd7 16. O-O O-O 17. Nd2 Ne4 18. Re1 Nxd2 19. Qxd2 f6 20. Bg3 c5 21. Re3 cxd4 22. Qxd4 Rfe8 23. Rae1 Qf7 24. f4 Rec8 25. Qd2 Rd8 26. Bf2 Re8 27. Rf3 Qg6 28. Bd4 Qf5 29. Qf2 Rac8 30. Qh4 Rb8 31. b3 Rbc8 32. Qf2 Rcd8 33. Rfe3 Rc8 34. Qf3 Qg6 35. h4 h5 36. Qf2 Qf5 37. Rf3 Rb8 38. Kh2 Qg4 39. Rg3 Qf5 40. Rge3 Rbc8 41. Qf3 Qg4 42. Qxg4 hxg4 43. Kg3 f5 44. Kf2 Kf7 45. g3 Rc6 46. R3e2 Rcc8 47. Rb2 Bb5 48. Ke3 Bc6 49. Be5 Bb5 50. Rd1 Red8 51. Rc2 Rd7 52. Rd4 g6 53. a4 Bc6 54. c4 Rdd8 55. c5 Rd7 56. Rb4 Bb7 57. c6 Bxc6 58. Rb6 d4+ 59. Kd2 Bb7 60. Rxc8 Bxc8 61. Kd3 Bb7 62. Bxd4 Ke7 63. b4 Bc8 64. Ke3 Rc7 65. Bc5+ Kd7 1-0

[Event "Scarborough Open 47th"]
[Site "Scarborough"]
[Date "2024.10.27"]
[Round "5.13"]
[White "Brencher, Paul"]
[Black "Patel, Keatan"]
[Result "1/2-1/2"]
[WhiteElo "1920"]
[BlackElo "1966"]
[PlyCount "32"]
[EventDate "2024.10.25"]
[EventType "swiss"]
[EventRounds "5"]
[EventCountry "ENG"]
[SourceTitle "BritBase"]
[Source "John Saunders"]
[SourceDate "2024.12.27"]
[SourceVersion "1"]
[SourceVersionDate "2024.12.27"]
[SourceQuality "1"]

1. d4 d5 2. Nc3 Nf6 3. Bf4 c5 4. e3 cxd4 5. exd4 a6 6. Nf3 Nc6 7. h3 Bf5 8. Bd3 Bxd3 9. Qxd3 e6 10. O-O Bd6 11. Bxd6 Qxd6 12. a3 {[=]} O-O 13. Rfe1 b5 14. Na2 Rfc8 15. c3 Na5 16. Qe2 Rc7 {[=]} 1/2-1/2

[Event "Scarborough Open 47th"]
[Site "Scarborough"]
[Date "2024.10.27"]
[Round "5.14"]
[White "Milson, Samuel A"]
[Black "Cowan, Richard M"]
[Result "1-0"]
[WhiteElo "2076"]
[BlackElo "1884"]
[PlyCount "69"]
[EventDate "2024.10.25"]
[EventType "swiss"]
[EventRounds "5"]
[EventCountry "ENG"]
[SourceTitle "BritBase"]
[Source "John Saunders"]
[SourceDate "2024.12.27"]
[SourceVersion "1"]
[SourceVersionDate "2024.12.27"]
[SourceQuality "1"]

1. e4 c6 2. d4 d5 3. e5 Bf5 4. h4 Bd7 5. Bd3 e6 6. Nf3 c5 7. c3 Nc6 8. O-O Qc7 9. Re1 a6 10. Nbd2 b5 11. dxc5 Bxc5 12. b4 Bb6 13. Nb3 Nge7 14. h5 Rc8 15. Be3 d4 16. Bxd4 Bxd4 17. Nbxd4 Nd5 18. Rc1 Qb7 19. Qd2 O-O 20. Bb1 Nxd4 21. Nxd4 Rc4 22. Qd3 g6 23. Qg3 Kg7 24. Be4 Rfc8 25. Qf3 Bc6 26. h6+ Kxh6 27. Nxc6 Qxc6 28. Bxd5 Qxd5 {[=]} 29. Qxf7 Rxc3 30. Rcd1 Qc4 31. Rd7 Rc1 32. f4 Rxe1+ 33. Kh2 Rh8 34. Qf6 Rxe5 35. Qxe5 1-0